| 000 | 00545nam a2200193 a 4500 | ||
|---|---|---|---|
| 005 | 20240925064718.0 | ||
| 008 | 991125s1993 san 000 0 spa u | ||
| 035 | _aUPN01000058462 | ||
| 049 | _aCG | ||
| 050 | 4 | _aPQ7400.5 H3.8 | |
| 100 | 1 | _aHernández Cuamaño, Ida | |
| 245 | 1 | 0 |
_aViajera del polvo / _cIda Hernández Cuamaño |
| 260 |
_aSanto Domingo : _bInstituto Tecnológico de Santo Domingo, _c1993 |
||
| 300 | _a62 p. | ||
| 650 | 4 |
_aLITERATURA DOMINICANA _916670 |
|
| 650 | 4 |
_aPoesía _91400 |
|
| 904 |
_aAC _b058465 |
||
| 905 | _aLibro | ||
| 999 |
_c58462 _d58462 |
||